Catálogo

DICCIONARIO DE DUDAS Y DIFICULTADES DE LA LENGUA ESPAÑOLA (Registro nro. 26742)

Detalles MARC
000 -LEADER
fixed length control field 00503nam a2200181 a 4500
001 - CONTROL NUMBER
control field 26742
005 - DATE AND TIME OF LATEST TRANSACTION
control field 20180713225331.0
008 - FIXED-LENGTH DATA ELEMENTS--GENERAL INFORMATION
fixed length control field 140415s1986 000 0 spa d
041 ## - LANGUAGE CODE
Language code of text/sound track or separate title spa
082 ## - DEWEY DECIMAL CLASSIFICATION NUMBER
Classification number 463
Item number SEC
100 1# - MAIN ENTRY--PERSONAL NAME
Personal name SECO, MANUEL
245 10 - TITLE STATEMENT
Title DICCIONARIO DE DUDAS Y DIFICULTADES DE LA LENGUA ESPAÑOLA
250 ## - EDITION STATEMENT
Edition statement 9a ed.
260 ## - PUBLICATION, DISTRIBUTION, ETC.
Place of publication, distribution, etc. [s.l.] :
Name of publisher, distributor, etc. ESPASA-CALPE,
Date of publication, distribution, etc. 1986
300 ## - PHYSICAL DESCRIPTION
Extent 545
650 14 - SUBJECT ADDED ENTRY--TOPICAL TERM
Topical term or geographic name entry element ESPAOL
General subdivision DICCIONARIOS
700 1# - ADDED ENTRY--PERSONAL NAME
Personal name FERNANDEZ RAMIREZ, SALVADOR
Relator term pról.
Existencias
Withdrawn status Lost status Source of classification or shelving scheme Damaged status Not for loan Collection code Home library Current library Shelving location Date acquired Source of acquisition Inventory number Total Checkouts Full call number Barcode Date last seen Price effective from Koha item type
    Dewey Decimal Classification     Referencia Biblioteca Karol Wojtyla Biblioteca Karol Wojtyla Área de silencio 03/12/2013 Compra 151000000000000000067437   463 SEC 4969 05/01/2026 03/12/2013 Libro R